Score 0/16 Timer 02:00
0 Plays Today
Hint 4-Letter Word % Correct
To locateFIND
97.1%
American automaker FORD
96.9%
Gust of airWIND
96.8%
Appendage allowing for flightWING
95.3%
A ___ farewellFOND
95.2%
Cooking fatLARD
94%
Opening for coinsSLOT
91.8%
Nibblonian's full name: ___ Nibbler
OR manor master
● LORD ●
91.3%
Hint 4-Letter Word % Correct
Fireplace carbon byproductSOOT
90.8%
Sub-ankle extremityFOOT
90.7%
Long cutSLIT
86.2%
The crew's 'intern': Amy ___
OR 'The World of Suzy ___' (1957 novel)
● WONG ●
83.6%
Refusal contractionWON'T
80.1%
Times or Century, e.g.FONT
78.1%
Hermes Conrad rival: Barbados ___
OR like some pickings?
● SLIM ●
72.7%
Philip Fry alter ego: ___ Fillmore
OR '___ and the Real Girl'
● LARS ●
61.2%

Today's Daily Dose

Remove Ads.
Support Sporcle.
Get the best of Sporcle when you Go Orange. This ad-free experience offers more features, more stats, and more fun while also helping to support Sporcle. Thank you for becoming a member.

You're not logged in!

Compare scores with friends on all Sporcle quizzes.
OR
Log In

Show Comments

Extras

Top Quizzes Today


Score Distribution

Your Account Isn't Verified!

In order to create a playlist on Sporcle, you need to verify the email address you used during registration. Go to your Sporcle Settings to finish the process.

Report this User

Report this user for behavior that violates our Community Guidelines.

Details: